Normal view
MARC view
Entry Topical Term
001 - CONTROL NUMBER
- control field: 11994
003 - CONTROL NUMBER IDENTIFIER
- control field: BD-RjUL
005 - DATE AND TIME OF LATEST TRANSACTION
- control field: 20240229154251.0
008 - FIXED-LENGTH DATA ELEMENTS
- fixed length control field: 240229|| aca||aabn | a|a d
040 ## - CATALOGING SOURCE
- Original cataloging agency: BD-RjUL
- Transcribing agency: BD-RjUL
150 ## - HEADING--TOPICAL TERM
- Topical term or geographic name entry element: আন্তর্জাতিক বাণিজ্য
670 ## - SOURCE DATA FOUND
- Source citation: Work cat.: (BD-RjUL)83192: আহমেদ, ইমতিয়াজ 11993, দক্ষিণ ও দক্ষিণ-পুর্ব এশিয়ার পর্তুগিজ বাণিজ্য (১৪৯৮-১৬৪১) :, ২০০৪